| 000 | 00761nam a22002297a 4500 | ||
|---|---|---|---|
| 999 |
_c6082 _d6082 |
||
| 003 | AR-CdUCM | ||
| 008 | 190313b ||||| |||| 00| 0 spa d | ||
| 040 |
_aMUNICIPALIDAD PROVINCIAL DEL CUSCO _cBIBLIOTECA MUNICIPAL DEL CUSCO |
||
| 082 |
_a869.26 / _bS66 |
||
| 100 |
_aSoler, Gustavo _917694 |
||
| 245 |
_aLas rutas transitadas : _bpoesías / |
||
| 260 |
_aBuenos Aires : _bSlicograf, _c1958. |
||
| 300 |
_a70 páginas ; _c20 cm. |
||
| 500 | _aDonación de la familia Nieto. Segundo ejemplar, dedicatoria del autor. | ||
| 505 | _aPoesía. | ||
| 650 |
_aPoesía argentina _91657 |
||
| 650 |
_aPoetas argentinos _911817 |
||
| 650 |
_aPoesía - Argentina - Siglo XX _915285 |
||
| 650 |
_aGustavo Soler - Poemas _917695 |
||
| 942 |
_2ddc _cLIBROS |
||
| 945 | _awfj | ||